<?xml version="1.0" encoding="UTF-8"?>
<marc:record xmlns:marc="http://www.loc.gov/MARC21/slim">
   <marc:leader>00000nam a2200000 a 4500</marc:leader>
   <marc:datafield ind1="1" ind2=" " tag="100">
      <marc:subfield code="a">Claus, Sabine</marc:subfield>
      <marc:subfield code="4">aut</marc:subfield>
      <marc:subfield code="e">Verfasser/-in</marc:subfield>
   </marc:datafield>
   <marc:datafield ind1=" " ind2=" " tag="653">
      <marc:subfield code="a">Gesundheit</marc:subfield>
   </marc:datafield>
   <marc:datafield ind1=" " ind2=" " tag="653">
      <marc:subfield code="a">Bewegung</marc:subfield>
   </marc:datafield>
   <marc:datafield ind1=" " ind2=" " tag="653">
      <marc:subfield code="a">Kreativität</marc:subfield>
   </marc:datafield>
   <marc:datafield ind1=" " ind2=" " tag="653">
      <marc:subfield code="a">Problemlösung</marc:subfield>
   </marc:datafield>
   <marc:datafield ind1=" " ind2=" " tag="653">
      <marc:subfield code="a">Achtsamkeit</marc:subfield>
   </marc:datafield>
   <marc:datafield ind1=" " ind2=" " tag="653">
      <marc:subfield code="a">Natur</marc:subfield>
   </marc:datafield>
   <marc:datafield ind1=" " ind2=" " tag="653">
      <marc:subfield code="a">Selbstcoaching</marc:subfield>
   </marc:datafield>
   <marc:datafield ind1=" " ind2=" " tag="653">
      <marc:subfield code="a">Softcover / Ratgeber/Gesundheit</marc:subfield>
   </marc:datafield>
   <marc:datafield ind1=" " ind2=" " tag="653">
      <marc:subfield code="a">Gesundheit;Bewegung;Kreativität;Problemlösung;Achtsamkeit;Natur;Selbstcoaching;E-Book;EPUB</marc:subfield>
   </marc:datafield>
   <marc:datafield ind1=" " ind2=" " tag="653">
      <marc:subfield code="a">Gesundheit;Bewegung;Kreativität;Problemlösung;Achtsamkeit;Natur;Selbstcoaching;E-Book;PDF</marc:subfield>
   </marc:datafield>
   <marc:datafield ind1=" " ind2=" " tag="653">
      <marc:subfield code="a">Ratgeber</marc:subfield>
   </marc:datafield>
   <marc:datafield ind1="0" ind2="0" tag="245">
      <marc:subfield code="a">Auf dem Weg</marc:subfield>
   </marc:datafield>
   <marc:datafield ind1="0" ind2="0" tag="245">
      <marc:subfield code="b">20 Spaziergänge für das seelische Wohlbefinden</marc:subfield>
   </marc:datafield>
   <marc:datafield ind1="0" ind2="0" tag="245">
      <marc:subfield code="c">Sabine Claus</marc:subfield>
   </marc:datafield>
   <marc:datafield ind1=" " ind2="1" tag="264">
      <marc:subfield code="a">Paderborn</marc:subfield>
      <marc:subfield code="b">Junfermann Verlag</marc:subfield>
   </marc:datafield>
   <marc:datafield ind1=" " ind2=" " tag="250">
      <marc:subfield code="a">1. Auflage</marc:subfield>
   </marc:datafield>
   <marc:datafield ind1="1" ind2=" " tag="520">
      <marc:subfield code="a">Angaben aus der Verlagsmeldung

Auf dem Weg : 20 Spaziergänge für das seelische Wohlbefinden / von Sabine Claus

Gehen Sie mal wieder spazieren
Es geht uns heute so gut wie nie zuvor. Und doch erleben viele von uns Stress, körperliche Probleme und seelische Krisen. Unsere Alles-ist-möglich-Mentalität weckt hohe Erwartungen an ständige Selbstoptimierung. Dieses Buch setzt einen deutlichen Kontrapunkt: Es ist ein Plädoyer für die Form von Bewegung, die tief in uns Menschen veranlagt ist.
- Spazieren bedeutet achtsames Eintauchen in die Gegenwart. Es ist ein Gang in die Welt und ein Gang nach innen.
- Beim Gehen hat man mehr kreative Ideen und reduziert Stress.
- Spazierengehen kann man fast zu jeder Zeit an jedem Ort, ohne große Planung oder Verpflichtung.
- Es ist ein „leichtfüßiges“ Vergnügen, in der Welt unterwegs zu sein, und somit das Gegenteil von „schneller, besser, weiter“.
Dieses Buch ist ein Appell, unser Leben wieder zu entschleunigen und es mit unserem ureigenen Maß zu gestalten: dem menschlichen Schritt.
</marc:subfield>
   </marc:datafield>
   <marc:datafield ind1=" " ind2=" " tag="020">
      <marc:subfield code="a">9783955719067</marc:subfield>
      <marc:subfield code="9">9783955719067</marc:subfield>
   </marc:datafield>
   <marc:datafield ind1=" " ind2=" " tag="020">
      <marc:subfield code="a">3955719065</marc:subfield>
      <marc:subfield code="9">3955719065</marc:subfield>
   </marc:datafield>
   <marc:datafield ind1=" " ind2=" " tag="041">
      <marc:subfield code="a">ger</marc:subfield>
   </marc:datafield>
   <marc:datafield ind1=" " ind2=" " tag="300">
      <marc:subfield code="a">196 Seiten</marc:subfield>
   </marc:datafield>
</marc:record>
